000 00612nam a2200241Ia 4500
003 OSt
005 20221005113901.0
006 a|||||r|||| 00| 0
007 ta
008 221004b |||||||| |||| 00| 0 per d
024 _a56062
037 _cTextual
040 _aCRL
_cCRL
_bper
041 _2per
_aper
082 _aV2:1:K0, 164A.1-.3
100 _aAbul Fazl Au.
245 0 _aAkbarnamah
260 _c1871
650 _aHISTORY
700 _a Abdurraheem Ed.
_9625097
942 _hV2:1:K0, 164A.1-.3
_cTEXL
_2cc
999 _c1029632
_d1029632